| 000 | 00558cam a2200181K 4500 | ||
|---|---|---|---|
| 082 | 0 | 4 |
_a624.15 _bDUN _cL-20, P-20 |
| 100 | 1 |
_aDunham, Clarence W. _926832 |
|
| 245 | 1 | 0 | _aFoundations of structures |
| 250 | _a1st ed. | ||
| 260 |
_aNew York, _bMcGraw-Hill, _c1950. |
||
| 300 |
_a1 online resource (xii, 679 p.) _billus. |
||
| 490 | 0 | _aCivil engineering series | |
| 526 |
_a0 _b0 _c0 _d624_150000000000000_DUN |
||
| 650 | 0 |
_aFoundations. _9892 |
|
| 650 | 0 |
_aMCE _9379 |
|
| 856 | 4 | 0 | _uhttp://catalog.hathitrust.org/api/volumes/oclc/1631677.html |
| 942 |
_2ddc _cBK |
||
| 999 |
_c546292 _d546292 |
||